000 00408nam a2200133Ia 4500
008 230917s9999||||xx |||||||||||||| ||und||
040 _e175521
_aMAIN
041 _aEnglish
082 _a891.432741 VS58N
100 _aवर्मा, सुरेश कुमार
245 0 _aनिम्न मार्गी
260 _aकानपुर
_bआराधना बर्दस
_c1981
942 _cHN
999 _c231004
_d231004